Statistics for Countries A-Z

Click here to take the quiz!

General Stats

  • This quiz has been taken 96 times
  • The average score is 22 of 24

Answer Stats

LetterCountry% Correct
AAfghanistan, Albania, Algeria...
97%
GGabon, Gambia, Georgia...
97%
BBahamas, Bahrain, Bangladesh...
96%
FFed. States of Micronesia, Fiji, Finland...
96%
IIceland, India, Indonesia...
96%
MMadagascar, Malawi, Malaysia...
95%
RRepublic of the Congo, Romania, Russia...
95%
NNamibia, Nauru, Nepal...
94%
PPakistan, Palau, Panama...
94%
UUganda, Ukraine, United Arab Emirates...
94%
CCambodia, Cameroon, Canada...
92%
HHaiti, Honduras, Hungary...
91%
JJamaica, Japan, Jordan
91%
DDem. Rep. of the Congo, Denmark, Djibouti...
90%
EEast Timor, Ecuador, Egypt...
90%
SSan Marino, Saudi Arabia, Senegal...
90%
TTaiwan, Tajikistan, Tanzania...
90%
ZZambia, Zimbabwe
90%
LLaos, Latvia, Lebanon...
88%
KKazakhstan, Kenya, Kiribati...
87%
QQatar
85%
VVanuatu, Vatican City, Venezuela...
85%
YYemen
82%
OOman
79%

Score Distribution

Percentile by Number Answered

Percent of People with Each Score

Your Score History

You have not taken this quiz